000 00234nam a2200121Ia 4500
100 _aWorld Book Inc.
650 _aGeneral
942 _cBK
245 _aPeople & Places
260 _b#N/A
_c1990
300 _a149
546 _aENGLISH
999 _c34624
_d34624